Statistics for Capitals of Flags Letter I

Click here to take the quiz!

General Stats

  • This quiz has been taken 25 times
  • The average score is 7 of 9

Answer Stats

Answer% Correct
Rome
100%
Jerusalem
94%
Dublin
88%
New Delhi
82%
Jakarta
76%
Baghdad
71%
Tehran
71%
Reykjavik
59%
Yamoussoukro
41%

Score Distribution

Percentile by Number Answered

Percent of People with Each Score

Your Score History

You have not taken this quiz